000 00836nam a2200205Ia 4500
999 _c36426
_d36426
001 2340
003 GE_BSU
005 20221025105810.0
008 181216s2008az xx |||||||||||||| ||aze||
040 _cGE_BSU
041 _aaze
080 _a94(479.24) A-36
245 _aHayat Yollu 1923-2003 :
_bAzarbaycan Xaloinin Umummilli lideri Heydər Əliyevin 85 illik yubileyina Həsr Olunur
264 _aNaxçivan,
_c2008.
300 _a250 c. :
_b илл
653 _aAzarbaycan Xaloinin Umummilli lideri Heydər Əliyevin 85 illik yubileyina Həsr Olunu
653 _aHayatYollu 1923-2003.
653 _aეძღვნება აზერბაიჯანის ხალხის ეროვნული ლიდერის ჰეიდარ ალიევის 85 წლის იუბილეს
942 _cBK
_2udc